[Event "ICS rated bullet match"]
[Site "204.178.125.65"]
[Date "2001.07.12"]
[Round "?"]
[White "GAMBITMAN"]
[Black "Hossa"]
[Result "0-1"]
[WhiteElo "2024"]
[BlackElo "2596"]
[PlyCount "56"]
[EventDate "2001.??.??"]

1. e4 e5 2. Nf3 d6 3. Bc4 Be7 4. d4 exd4 5. Nxd4 Nf6 6. O-O Nxe4 7. Bd3 Nc5 8.
Bc4 d5 9. Be2 O-O 10. c4 dxc4 11. Bxc4 Bf6 12. Be3 Ne6 13. Nxe6 Qxd1 14. Rxd1
Bxe6 15. Nc3 Bxc4 16. Bc5 Re8 17. Rac1 Nc6 18. f3 Bxc3 19. Rxc3 Bxa2 20. Ra3
Bc4 21. Rc3 Be6 22. Re3 Rad8 23. f4 Rxd1+ 24. Kf2 Rd2+ 25. Kg3 Rxb2 26. f5 Rb5
27. Bxa7 Rxf5 28. Bc5 Rxc5 {GAMBITMAN resigns} 0-1

[Event "ICS rated bullet match"]
[Site "204.178.125.65"]
[Date "2001.07.12"]
[Round "?"]
[White "Hossa"]
[Black "GAMBITMAN"]
[Result "1-0"]
[WhiteElo "2597"]
[BlackElo "2023"]
[PlyCount "49"]
[EventDate "2001.??.??"]

1. e4 d6 2. d4 g6 3. Nc3 Bg7 4. Nf3 a6 5. Bc4 b5 6. Bb3 Nf6 7. e5 dxe5 8. Nxe5
O-O 9. O-O Bb7 10. Re1 Nbd7 11. Bg5 h6 12. Bxf6 Nxf6 13. Nxg6 Kh7 14. Nxf8+
Bxf8 15. Bxf7 b4 16. Na4 Bg7 17. Nc5 Bc6 18. Qd3+ Kh8 19. Ne6 Qd6 20. Qg6 Nh5
21. Qxh5 Rf8 22. Nxf8 Bxf8 23. Qg4 Bg7 24. Qc8+ Kh7 25. Qg8# {
GAMBITMAN checkmated} 1-0

[Event "ICS rated bullet match"]
[Site "204.178.125.65"]
[Date "2001.07.12"]
[Round "?"]
[White "GAMBITMAN"]
[Black "Hossa"]
[Result "0-1"]
[WhiteElo "2022"]
[BlackElo "2598"]
[PlyCount "58"]
[EventDate "2001.??.??"]

1. e4 e5 2. Nf3 Nc6 3. Bc4 Nf6 4. d4 exd4 5. Nxd4 Ne5 6. Bd3 d5 7. exd5 Qxd5 8.
Nf3 Bb4+ 9. Nc3 Bxc3+ 10. bxc3 Bg4 11. Be2 Qxd1+ 12. Bxd1 Nxf3+ 13. gxf3 Bf5
14. Bf4 Kd7 15. O-O Rhe8 16. c4 Bh3 17. c3 Bxf1 18. Ba4+ c6 19. Rxf1 Re2 20.
Rd1+ Ke6 21. Rd6+ Ke7 22. c5 Rxa2 23. Bb3 Ra1+ 24. Kg2 Ra3 25. Bc4 Rxc3 26. Bf1
Rxc5 27. Rd3 Rf5 28. Be3 b5 29. Bc5+ Rxc5 {GAMBITMAN resigns} 0-1

[Event "ICS Rated blitz match"]
[Site "204.178.125.65"]
[Date "2001.07.12"]
[Round "?"]
[White "Hossa"]
[Black "Tinker"]
[Result "1-0"]
[WhiteElo "2627"]
[BlackElo "2561"]
[PlyCount "85"]
[EventDate "2001.??.??"]

1. e4 c5 2. Nf3 d6 3. d4 cxd4 4. Nxd4 Nf6 5. Nc3 g6 6. f4 Nc6 7. Nxc6 bxc6 8.
Be2 Bg7 9. Be3 O-O 10. O-O Qa5 11. Rb1 Rb8 12. Bd4 e5 13. fxe5 dxe5 14. Be3 Be6
15. Qe1 Kh8 16. a3 Rb7 17. b4 Qd8 18. Bc5 Re8 19. Rd1 Qc7 20. Qh4 Nd7 21. Na4
Rbb8 22. Bd6 Qd8 23. Qg3 Rb7 24. Qf2 Qg5 25. Ba6 Rb5 26. Qxa7 Nf6 27. Nc3 Bc4
28. a4 Bxf1 29. Rxf1 Qd2 30. Nxb5 cxb5 31. Bc5 Nxe4 32. Bxb5 Rg8 33. Rxf7 Qxc2
34. Qe7 Nxc5 35. bxc5 e4 36. c6 Qd1+ 37. Rf1 Qd4+ 38. Kh1 Qe5 39. Qd7 Qe8 40.
c7 Qc8 41. Rf7 Qxd7 42. Bxd7 e3 43. Re7 {Tinker resigns} 1-0

[Event "ICS rated blitz match"]
[Site "204.178.125.65"]
[Date "2001.07.12"]
[Round "?"]
[White "Hossa"]
[Black "lambChop"]
[Result "1/2-1/2"]
[WhiteElo "2640"]
[BlackElo "2686"]
[PlyCount "29"]
[EventDate "2001.??.??"]

1. e4 e5 2. Nf3 Nc6 3. Bb5 a6 4. Ba4 Nf6 5. O-O Be7 6. Re1 b5 7. Bb3 d6 8. c3
O-O 9. h3 Bb7 10. d4 Qd7 11. Qe2 Rfe8 12. Ng5 Rf8 13. Nf3 Rfe8 14. Ng5 Rf8 15.
Nf3 {Game drawn by repetition} 1/2-1/2

[Event "ICS rated blitz match"]
[Site "204.178.125.65"]
[Date "2001.07.12"]
[Round "?"]
[White "PostModernist"]
[Black "Hossa"]
[Result "1-0"]
[WhiteElo "2748"]
[BlackElo "2642"]
[PlyCount "68"]
[EventDate "2001.??.??"]

1. Nf3 c5 2. c4 g6 3. Nc3 Bg7 4. d4 cxd4 5. Nxd4 Nh6 6. e4 Nc6 7. Be3 Ng4 8.
Qxg4 Nxd4 9. Qd1 Nc6 10. Rc1 O-O 11. Be2 d6 12. O-O f5 13. exf5 Bxf5 14. Qd5+
e6 15. Qd2 Be5 16. Bg5 Qa5 17. g4 Nd4 18. gxf5 Rxf5 19. Be3 Nxe2+ 20. Qxe2 Qd8
21. f4 Bxc3 22. Rxc3 Qd7 23. Bd4 Raf8 24. Bxa7 Ra5 25. Bd4 e5 26. fxe5 Rxf1+
27. Kxf1 dxe5 28. Bf2 Rxa2 29. Qxe5 Rxb2 30. Bd4 Qf7+ 31. Ke1 Rb1+ 32. Kd2 Rb2+
33. Kc1 Rb1+ 34. Kxb1 Qf5+ {Hossa resigns} 1-0

[Event "ICS Rated blitz match"]
[Site "204.178.125.65"]
[Date "2001.07.12"]
[Round "?"]
[White "Hossa"]
[Black "PostModernist"]
[Result "0-1"]
[WhiteElo "2631"]
[BlackElo "2759"]
[PlyCount "83"]
[EventDate "2001.??.??"]

1. e4 c6 2. d4 d5 3. exd5 cxd5 4. Bd3 Nc6 5. c3 g6 6. Nf3 Bg7 7. O-O Nf6 8. Re1
O-O 9. Na3 Bg4 10. h3 Be6 11. Bg5 Qb6 12. Qd2 Rfc8 13. Ne5 Nxe5 14. dxe5 Nd7
15. Bxe7 Nxe5 16. Bb5 Bxh3 17. Qxd5 Be6 18. Qd2 Ng4 19. Re2 a6 20. Ba4 Be5 21.
Qg5 f6 22. Qh4 Rc7 23. Bb4 a5 24. Bd6 Qxd6 25. Nb5 Qc5 26. Nxc7 Qxc7 27. Bb3
Bxb3 28. axb3 f5 29. Rd2 Bf4 30. Re2 Bg5 31. Qh3 Rd8 32. Qh1 Qb6 33. b4 axb4
34. c4 Nxf2 35. Rxf2 Rd2 36. Raf1 Be3 37. Qh4 Bxf2+ 38. Qxf2 Rxf2 39. Rxf2 Qe3
40. c5 f4 41. b3 Qd4 42. c6 {Hossa resigns} 0-1

[Event "ICS Rated blitz match"]
[Site "204.178.125.65"]
[Date "2001.07.12"]
[Round "?"]
[White "Hossa"]
[Black "monsoon"]
[Result "0-1"]
[WhiteElo "2621"]
[BlackElo "2555"]
[PlyCount "93"]
[EventDate "2001.??.??"]

1. c4 e5 2. Nc3 Nc6 3. g3 g6 4. Bg2 Bg7 5. Nh3 d6 6. O-O Nge7 7. f4 Bxh3 8.
Bxh3 exf4 9. Rxf4 O-O 10. d3 d5 11. cxd5 Nxd5 12. Nxd5 Qxd5 13. Bg2 Qb5 14. Rb1
Qa5 15. a3 Qh5 16. Rh4 Qb5 17. a4 Qe5 18. e3 g5 19. Rh5 Rad8 20. Qb3 Qa5 21.
Qd1 Qc5 22. Be4 h6 23. Bd2 Ne5 24. Rc1 Qb6 25. a5 Qxb2 26. Bc3 Qb5 27. Bd4 f5
28. Rc5 Qb4 29. Bd5+ Nf7 30. Rc4 Qxa5 31. Bxb7 Bxd4 32. exd4 Rfe8 33. Kf1 Re3
34. Qc1 Rxd3 35. Rxh6 Nxh6 36. Qxg5+ Kh7 37. Qe7+ Kg6 38. Rc6+ Rd6 39. Qe8+ Nf7
40. Rc1 R3xd4 41. Bf3 Kg7 42. Bh5 Rf6 43. Qe7 Qd5 44. Kg1 Rd2 45. Be2 Re6 46.
Qc5 Qxc5+ 47. Rxc5 {Hossa resigns} 0-1

[Event "ICS rated blitz match"]
[Site "204.178.125.65"]
[Date "2001.07.12"]
[Round "?"]
[White "Tinker"]
[Black "Hossa"]
[Result "1/2-1/2"]
[WhiteElo "2540"]
[BlackElo "2602"]
[PlyCount "83"]
[EventDate "2001.??.??"]

1. e4 d5 2. exd5 Nf6 3. d4 Bg4 4. Nf3 Nxd5 5. Be2 e6 6. O-O Be7 7. Ne5 Bxe2 8.
Qxe2 O-O 9. c4 Nb6 10. Rd1 N8d7 11. Nc3 Bb4 12. Ne4 Qe8 13. Nxd7 Qxd7 14. c5
Nd5 15. a3 Ba5 16. b4 f5 17. Ng5 Nc3 18. Qh5 g6 19. Qf3 Nxd1 20. Qxd1 b6 21. c6
Qxc6 22. bxa5 b5 23. Bf4 Qd5 24. Bxc7 f4 25. Qg4 Rf5 26. Nf3 Rc8 27. Bxf4 Qe4
28. g3 Rc2 29. Re1 Qd5 30. Kg2 Rc3 31. Re3 Rxe3 32. Bxe3 Kg7 33. Bf4 h5 34. Qh3
g5 35. Be5+ Rxe5 36. dxe5 g4 37. Qxh5 Qxf3+ 38. Kf1 Qd1+ 39. Kg2 Qf3+ 40. Kf1
Qd1+ 41. Kg2 Qf3+ 42. Kf1 {Game drawn by repetition} 1/2-1/2

[Event "ICS Rated standard match"]
[Site "204.178.125.65"]
[Date "2001.07.12"]
[Round "?"]
[White "Hossa"]
[Black "Tinker"]
[Result "1/2-1/2"]
[WhiteElo "2351"]
[BlackElo "2248"]
[PlyCount "92"]
[EventDate "2001.??.??"]

1. e4 c5 2. Nf3 d6 3. d4 cxd4 4. Nxd4 Nf6 5. Nc3 g6 6. g3 Nc6 7. Nxc6 bxc6 8.
Bg2 Bg7 9. e5 Nd7 10. Bxc6 Rb8 11. exd6 O-O 12. O-O Ne5 13. dxe7 Qxe7 14. Bg2
Bg4 15. f3 Be6 16. Ne4 Nc4 17. c3 Nxb2 18. Qc2 Nc4 19. Bg5 f6 20. Bc1 Kh8 21.
f4 f5 22. Ng5 Bg8 23. Kh1 Bf6 24. a4 Qg7 25. Rf3 Rfe8 26. Rf1 Bxc3 27. Rb1 Rxb1
28. Qxb1 Nb6 29. Qc2 Bd4 30. Nf3 Bc3 31. Ng5 Rc8 32. Nf3 Rc4 33. Be3 Nxa4 34.
Qf2 a5 35. Bd2 Bxd2 36. Qxd2 Rc5 37. Ne5 Nb6 38. Qd6 Rb5 39. Bc6 Rb2 40. Qd8 a4
41. Ra1 Rb3 42. Rd1 a3 43. Be8 Qb7+ 44. Bc6 Qg7 45. Be8 Qb7+ 46. Bc6 Qg7 {
Game drawn by repetition} 1/2-1/2

[Event "ICS Rated standard match"]
[Site "204.178.125.65"]
[Date "2001.07.12"]
[Round "?"]
[White "ChesterX"]
[Black "Hossa"]
[Result "1-0"]
[WhiteElo "2627"]
[BlackElo "2346"]
[PlyCount "104"]
[EventDate "2001.??.??"]

1. d4 Nf6 2. Nf3 d5 3. c4 c6 4. Nc3 dxc4 5. e3 b5 6. a4 Nd5 7. Bd2 Nxc3 8. Bxc3
e6 9. Ne5 Bd6 10. axb5 Bxe5 11. b6 Ba6 12. bxa7 Rxa7 13. dxe5 Qxd1+ 14. Rxd1
Bb5 15. Be2 Nd7 16. O-O Ke7 17. Rd6 f6 18. f4 fxe5 19. fxe5 h5 20. Rfd1 g5 21.
h3 Rb7 22. e4 Ba4 23. Ra1 Bb5 24. Bb4 c5 25. Bc3 Rh7 26. Ra5 g4 27. hxg4 hxg4
28. Bxg4 Rh6 29. Ra8 Rg6 30. Bh3 Nf8 31. Bd2 Nd7 32. Bf4 Kf7 33. Ra5 Nf8 34.
Be3 Be8 35. Bxc5 Nd7 36. Bd4 Nf8 37. Ra8 Bb5 38. Rc8 Nd7 39. Rh8 Kg7 40. Rh4
Nf8 41. Bf5 Rg3 42. Bxe6 Nxe6 43. Rxe6 Rd3 44. Reh6 Rb8 45. Bc3 Be8 46. Rh7+
Kg6 47. R4h6+ Kg5 48. Rf6 Bd7 49. Rg7+ Kh5 50. e6 Rxc3 51. bxc3 Ba4 52. Kh2 Bd1
{Hossa resigns} 1-0

[Event "ICS Rated bullet match"]
[Site "204.178.125.65"]
[Date "2001.07.12"]
[Round "?"]
[White "Hossa"]
[Black "ChesterX"]
[Result "0-1"]
[WhiteElo "2599"]
[BlackElo "2633"]
[PlyCount "90"]
[EventDate "2001.??.??"]

1. e4 c6 2. d4 d5 3. Nd2 dxe4 4. Nxe4 Nd7 5. Bc4 Ngf6 6. Ng5 e6 7. Qe2 Nb6 8.
Bd3 h6 9. Ne4 Qxd4 10. Nf3 Qd8 11. Bd2 Nxe4 12. Bxe4 Bd6 13. O-O-O O-O 14. g4
Qe7 15. g5 hxg5 16. Bxg5 f6 17. Be3 Rd8 18. Bg6 e5 19. Kb1 Be6 20. Nh4 Nd7 21.
Qh5 Nf8 22. Nf5 Bxf5 23. Bxf5 Bc5 24. Bxc5 Qxc5 25. f4 Rd5 26. Rxd5 Qxd5 27.
Rd1 Qf7 28. Qf3 exf4 29. Qxf4 Re8 30. Bd3 a5 31. Rg1 Re5 32. Bc4 Ne6 33. Qh4 b5
34. Bd3 Qh5 35. Qf2 Nc5 36. Bg6 Qh6 37. h4 Qe3 38. Qf1 Ne4 39. Qg2 Nd2+ 40.
Qxd2 Qxg1+ 41. Qc1 Re1 42. a3 Rxc1+ 43. Ka2 a4 44. b3 Qxg6 45. bxa4 Qxc2# {
Hossa checkmated} 0-1

[Event "ICS Rated standard match"]
[Site "204.178.125.65"]
[Date "2001.07.12"]
[Round "?"]
[White "Hossa"]
[Black "ChesterX"]
[Result "0-1"]
[WhiteElo "2341"]
[BlackElo "2632"]
[PlyCount "127"]
[EventDate "2001.??.??"]

1. e4 d6 2. d4 Nf6 3. Nc3 g6 4. Bg5 c6 5. Bd3 Bg7 6. Nge2 e5 7. dxe5 dxe5 8.
O-O O-O 9. Qc1 Be6 10. Rd1 Nbd7 11. h3 Qc7 12. Bh6 Rfd8 13. Bxg7 Kxg7 14. Qg5
Nc5 15. b4 Nxd3 16. cxd3 a5 17. b5 h6 18. Qd2 c5 19. f4 Rd7 20. Rf1 Rad8 21.
fxe5 Qxe5 22. Qf4 Qg5 23. Qxg5 hxg5 24. Na4 c4 25. e5 Nd5 26. Nc5 cxd3 27. Nd4
Re7 28. Nxd3 Ne3 29. Rf3 Rxd4 30. Rxe3 Bf5 31. Nc5 b6 32. Nb3 Re4 33. Rxe4 Bxe4
34. Nd4 Rxe5 35. Rd1 Rc5 36. Rd2 Kf6 37. Re2 Ke5 38. Nc6+ Kd5 39. Nd8 f6 40.
Rd2+ Ke5 41. Nf7+ Ke6 42. Nd6 Bd5 43. Ne8 Bc4 44. Kh2 Bxb5 45. Nd6 Bc6 46. Nc8
b5 47. Re2+ Re5 48. Rd2 Bd5 49. Kg1 b4 50. Nb6 Be4 51. Kf2 Rc5 52. Ke3 f5 53.
Na4 Rc2 54. Rxc2 Bxc2 55. Nc5+ Kd5 56. Nd3 Bb1 57. Nc1 f4+ 58. Ke2 Kc4 59. Kd2
a4 60. Kd1 a3 61. Kd2 Bxa2 62. Nxa2 b3 63. Nc3 a2 64. Nd1 {Hossa resigns} 0-1

[Event "ICS rated blitz match"]
[Site "204.178.125.65"]
[Date "2001.07.12"]
[Round "?"]
[White "Astra"]
[Black "Hossa"]
[Result "0-1"]
[WhiteElo "2273"]
[BlackElo "2599"]
[PlyCount "104"]
[EventDate "2001.??.??"]

1. e4 d6 2. d4 Nf6 3. Nc3 g6 4. Bg5 c6 5. f4 Bg7 6. Be2 d5 7. Bxf6 Bxf6 8. e5
Bg7 9. Nf3 O-O 10. O-O b6 11. h3 a6 12. g4 f5 13. Qd2 fxg4 14. hxg4 Bxg4 15.
Ng5 Bf5 16. Bd3 Qc8 17. Rf2 Ra7 18. Re1 Bxd3 19. Qxd3 Qg4+ 20. Rg2 Qh4 21. Ne6
Qxe1+ 22. Kh2 Qh4+ 23. Kg1 Rf7 24. Ng5 Rxf4 25. Qg3 Rxd4 26. Qxh4 Rxh4 27. Nf3
Rf4 28. Kf2 Bxe5 29. Ke3 d4+ 30. Ke2 dxc3 31. Nxe5 cxb2 32. Rg1 Re4+ 33. Kd3
Rxe5 34. Kc3 Rb5 35. Rb1 a5 36. a4 Rb4 37. Rxb2 Rxb2 38. Kxb2 Rd7 39. Kc3 Kf7
40. Kc4 Ke6 41. Kc3 Ke5 42. Kc4 Rd4+ 43. Kc3 Nd7 44. Kb3 Nc5+ 45. Kb2 Nxa4+ 46.
Kb3 Rb4+ 47. Ka3 Kd4 48. Ka2 Nc3+ 49. Ka3 Nb5+ 50. Ka2 Kc3 51. Ka1 Kxc2 52. Ka2
Ra4# {Astra checkmated} 0-1

[Event "ICS Rated blitz match"]
[Site "204.178.125.65"]
[Date "2001.07.12"]
[Round "?"]
[White "Hossa"]
[Black "ChesterX"]
[Result "0-1"]
[WhiteElo "2603"]
[BlackElo "2832"]
[PlyCount "59"]
[EventDate "2001.??.??"]

1. e4 c5 2. Nf3 Nc6 3. d4 cxd4 4. Nxd4 Nf6 5. Nc3 d6 6. f3 e6 7. Be3 Be7 8. Qd2
O-O 9. O-O-O a6 10. g4 Nxd4 11. Bxd4 b5 12. h4 e5 13. Be3 b4 14. Na4 Rb8 15.
Qf2 Qa5 16. Ba7 Qxa4 17. Bxb8 Qxa2 18. Qa7 Bxg4 19. Be2 Qa1+ 20. Kd2 Qxb2 21.
Ke3 Qxc2 22. fxg4 Qxe4+ 23. Kd2 b3 24. Bxa6 Nd5 25. Rc1 Bd8 26. Bc7 Bxc7 27.
Rxc7 Nxc7 28. Bb7 Nd5 29. Rc1 Qf4+ 30. Kd1 {Hossa resigns} 0-1

[Event "ICS Rated blitz match"]
[Site "204.178.125.65"]
[Date "2001.07.12"]
[Round "?"]
[White "ChesterX"]
[Black "Hossa"]
[Result "1/2-1/2"]
[WhiteElo "2839"]
[BlackElo "2596"]
[PlyCount "350"]
[EventDate "2001.??.??"]

1. d4 Nf6 2. Nf3 d5 3. Bf4 e6 4. e3 Bd6 5. Bxd6 cxd6 6. c4 O-O 7. Nc3 dxc4 8.
Bxc4 Qe7 9. O-O Bd7 10. e4 Rc8 11. Qe2 Nc6 12. e5 Nh5 13. Rac1 Nf4 14. Qe3 dxe5
15. dxe5 Ng6 16. Bd3 Qb4 17. Rfd1 Rd8 18. Bxg6 hxg6 19. Rd2 Be8 20. a3 Qg4 21.
Rd6 Qh5 22. Rcd1 Rdc8 23. Qf4 Na5 24. R6d4 Nb3 25. Rb4 Na5 26. Ne4 b6 27. Nd6
Rc7 28. Qd2 g5 29. Qxg5 Qxg5 30. Nxg5 Rc2 31. Nf3 Nc6 32. Rc4 Rxc4 33. Nxc4 Ne7
34. Nd6 Rd8 35. Rd2 Nd5 36. Nd4 Bd7 37. g3 a6 38. f4 g6 39. Kf2 Ba4 40. Nf3 Bb3
41. Ng5 Rf8 42. Ke2 Kg7 43. h4 b5 44. Nge4 Ra8 45. Nc5 Bc4+ 46. Kf3 Nb6 47. b3
Bd5+ 48. Ke3 Bc6 49. Kd4 Bf3 50. Rd3 Bg4 51. a4 Nd5 52. Rd2 bxa4 53. bxa4 a5
54. Rb2 Nb4 55. Rb3 Rb8 56. Rc3 Nd5 57. Rc1 Rb4+ 58. Kd3 Rb2 59. Re1 Nb4+ 60.
Kd4 Rd2+ 61. Ke3 Rg2 62. Rc1 Rxg3+ 63. Kf2 Rf3+ 64. Ke1 Rxf4 65. Rc4 Rxc4 66.
Nxc4 Nc6 67. Nb3 Bf3 68. Nbxa5 Nd4 69. Nd2 Bd5 70. Nac4 Nf5 71. a5 Nxh4 72. a6
Nf3+ 73. Nxf3 Bxf3 74. Kf2 Bh1 75. Ke3 f5 76. exf6+ Kxf6 77. Kd4 g5 78. Ne3 Ke7
79. Kc5 Kd7 80. Nc4 Kc7 81. Nd6 Bc6 82. a7 Bg2 83. Ne8+ Kb7 84. a8=Q+ Kxa8 85.
Nc7+ Kb7 86. Nxe6 g4 87. Nd8+ Kc8 88. Ne6 Kd7 89. Nf8+ Ke7 90. Ng6+ Kf6 91. Nf4
Bf1 92. Kd4 Kg5 93. Ne6+ Kf5 94. Ng7+ Kf4 95. Ne6+ Kg3 96. Ke5 Kh2 97. Kf5 g3
98. Nf4 Bh3+ 99. Kg5 Bd7 100. Kf6 Bg4 101. Ke7 Kg1 102. Kf6 Kf2 103. Kg6 Be2
104. Kf6 Kf3 105. Kg5 Bb5 106. Ng6 Ke3 107. Nh4 Kf2 108. Kf6 Bf1 109. Ke7 Bd3
110. Kf6 Be4 111. Kg5 Bc6 112. Kg4 Bb7 113. Kg5 Bc8 114. Kf6 Bg4 115. Ke5 Bf3
116. Kd6 Be4 117. Ke6 Ke2 118. Kd6 Kd3 119. Ke6 Kd2 120. Kd6 Ke3 121. Ke5 Bd3
122. Ng2+ Kf2 123. Nf4 Bh7 124. Nh5 g2 125. Nf4 g1=N 126. Ne6 Nf3+ 127. Kd5 Ke3
128. Nc5 Bg8+ 129. Kc6 Ne5+ 130. Kd6 Nc4+ 131. Kc6 Kd4 132. Nb3+ Ke5 133. Nc5
Bd5+ 134. Kc7 Bf3 135. Nd7+ Ke6 136. Nf8+ Kd5 137. Nd7 Ne3 138. Nf6+ Ke6 139.
Nh7 Nd5+ 140. Kd8 Be2 141. Ng5+ Kf5 142. Nf7 Kf6 143. Nd6 Ke6 144. Ne4 Ke5 145.
Nc5 Bg4 146. Nd7+ Ke6 147. Nc5+ Kd6 148. Nb7+ Ke5 149. Nc5 Kd4 150. Nb3+ Kc4
151. Na5+ Kc5 152. Nb7+ Kb5 153. Nd6+ Kc6 154. Ne4 Bf5 155. Ng5 Bg6 156. Ne6
Kd6 157. Nd4 Nc3 158. Nf3 Ne2 159. Nd2 Bd3 160. Nf3 Be4 161. Ng5 Bd5 162. Ke8
Nd4 163. Nf7+ Ke6 164. Nd8+ Kf6 165. Kd7 Nb5 166. Nc6 Be6+ 167. Kd8 Bg4 168.
Ke8 Bf5 169. Kd8 Ke6 170. Ke8 Kd6 171. Ne7 Be6 172. Kd8 Kc5 173. Ke8 Kc4 174.
Nc6 Bd5 175. Ne5+ Kd4 {Game drawn by the 50 move rule} 1/2-1/2

[Event "ICS Rated blitz match"]
[Site "204.178.125.65"]
[Date "2001.07.12"]
[Round "?"]
[White "Malukulu"]
[Black "Hossa"]
[Result "1/2-1/2"]
[WhiteElo "2892"]
[BlackElo "2606"]
[PlyCount "178"]
[EventDate "2001.??.??"]

1. d4 Nf6 2. c4 e6 3. Nf3 d5 4. e3 dxc4 5. Bxc4 c5 6. O-O a6 7. a4 cxd4 8. exd4
Bd6 9. Nc3 Qc7 10. Qe2 O-O 11. Bg5 Ng4 12. h3 h6 13. hxg4 hxg5 14. Ne4 Be7 15.
Nfxg5 Bxg5 16. Nxg5 Qf4 17. Qe3 Qxe3 18. fxe3 Nc6 19. Rf4 Bd7 20. d5 Nd8 21.
dxe6 Bxe6 22. Nxe6 Nxe6 23. Bxe6 fxe6 24. Rd1 Rac8 25. Rd7 Rc1+ 26. Kh2 Rxf4
27. exf4 Rc4 28. Rxb7 Rxf4 29. a5 Ra4 30. b4 e5 31. Rb6 Kh7 32. Kg3 Ra3+ 33.
Kh4 Rb3 34. Kg5 e4 35. Kf4 e3 36. Kf3 g5 37. Rxa6 Rxb4 38. Rb6 Ra4 39. a6 Ra3
40. Rb7+ Kg6 41. a7 Kf6 42. g3 Ke5 43. Rd7 Ke6 44. Rg7 Kf6 45. Rh7 Ke5 46. Rb7
Kf6 47. Ke2 Ke6 48. Rg7 Kf6 49. Rh7 Ke5 50. Re7+ Kf6 51. Rc7 Ke6 52. Rc5 Kf6
53. Rf5+ Kg6 54. Rd5 Rxa7 55. Kxe3 Kf6 56. Ke4 Ra3 57. Rd6+ Kf7 58. Rd3 Rxd3
59. Kxd3 Ke7 60. Ke4 Ke6 61. Kd4 Kd6 62. Ke3 Ke5 63. Kd3 Kd5 64. Ke2 Ke4 65.
Kf2 Ke5 66. Ke3 Kd5 67. Kd3 Ke5 68. Kd2 Ke4 69. Ke2 Ke5 70. Kf2 Ke4 71. Ke2 Ke5
72. Kf1 Kf6 73. Kg2 Kg6 74. Kh3 Kf6 75. Kh2 Kg6 76. Kg2 Kf6 77. Kf1 Kg6 78. Kf2
Kf6 79. Kg1 Kg6 80. Kh2 Kf6 81. Kh3 Kg6 82. Kg2 Kf6 83. Kf3 Ke5 84. Ke2 Ke4 85.
Kf2 Ke5 86. Kg1 Kf6 87. Kh1 Kg6 88. Kg1 Kf6 89. Kf2 Ke5 {
Game drawn by repetition} 1/2-1/2

[Event "ICS Rated blitz match"]
[Site "204.178.125.65"]
[Date "2001.07.12"]
[Round "?"]
[White "Hossa"]
[Black "PostModernist"]
[Result "0-1"]
[WhiteElo "2617"]
[BlackElo "2818"]
[PlyCount "137"]
[EventDate "2001.??.??"]

1. d4 f5 2. g3 Nf6 3. Bg2 c6 4. Nf3 e6 5. O-O Be7 6. c4 d5 7. cxd5 cxd5 8. Bf4
O-O 9. Nc3 Ne4 10. Nb5 Nc6 11. Rc1 g5 12. Be5 g4 13. Nc7 Rb8 14. Nd2 Bd6 15.
Nxe4 fxe4 16. Na6 bxa6 17. Rxc6 Bxe5 18. dxe5 Rxb2 19. a3 Qe8 20. Rc7 Rf7 21.
Rxf7 Qxf7 22. Qc1 Rb8 23. Qe3 Qg7 24. Qd4 Rb3 25. Qc5 Bd7 26. Qd6 Rb6 27. Qc7
Bb5 28. Qd8+ Kf7 29. Rc1 Rb7 30. Rc8 h6 31. Bf1 Kg6 32. Qd6 Kf5 33. Qb4 Kxe5
34. a4 Bc4 35. Qa5 Kf6 36. Qd8+ Kg6 37. Qe8+ Qf7 38. Qh8 Qf6 39. Rg8+ Rg7 40.
Rb8 h5 41. a5 Bb5 42. Ra8 e3 43. fxe3 Qc3 44. Rf8 Qxa5 45. Rf2 Qd2 46. e4 dxe4
47. Qc8 Qd7 48. Qf8 Qd4 49. Qf4 Kh7 50. Bg2 Bc6 51. e3 Qd5 52. Rf1 a5 53. Qf6
a4 54. Rc1 Bb7 55. Rf1 a3 56. Rf4 Qd3 57. Kh1 a2 58. Qe5 Qd1+ 59. Rf1 Qd5 60.
Qb2 Rc7 61. Ra1 Ba6 62. Qf2 Bd3 63. Qf4 Rb7 64. Rc1 Qf5 65. Qd6 Rb1 66. Qc7+
Kg6 67. Qc3 Qf6 68. Qe1 Rxc1 69. Qxc1 {Hossa resigns} 0-1

[Event "ICS Rated blitz match"]
[Site "204.178.125.65"]
[Date "2001.07.12"]
[Round "?"]
[White "Hossa"]
[Black "Tinker"]
[Result "1-0"]
[WhiteElo "2609"]
[BlackElo "2552"]
[PlyCount "83"]
[EventDate "2001.??.??"]

1. e4 c5 2. Nf3 d6 3. d4 cxd4 4. Nxd4 Nf6 5. Nc3 g6 6. Be3 Bg7 7. f3 O-O 8. Bc4
Nc6 9. Qe2 Bd7 10. Nxc6 Bxc6 11. O-O Kh8 12. Nb5 Qa5 13. Bd3 Bxb5 14. Bxb5 a6
15. Bd3 Qe5 16. c3 Qh5 17. Qd2 d5 18. g4 Qh3 19. Rf2 Nxg4 20. fxg4 Qxg4+ 21.
Rg2 Qe6 22. exd5 Qxd5 23. Be2 Qxd2 24. Bxd2 Rac8 25. Bf3 Rc7 26. Be3 e5 27. Rd2
f5 28. Bb6 Rcf7 29. Rad1 e4 30. Be2 h6 31. Bc4 Rf6 32. Bc5 e3 33. Rd7 Rc8 34.
Rd8+ Rxd8 35. Rxd8+ Kh7 36. Bg8+ Kh8 37. Bd5+ Kh7 38. Bxe3 b5 39. Bg8+ Kh8 40.
Bd4 h5 41. Be6+ Kh7 42. Rd6 {Tinker resigns} 1-0

[Event "ICS rated blitz match"]
[Site "204.178.125.65"]
[Date "2001.07.12"]
[Round "?"]
[White "PostModernist"]
[Black "Hossa"]
[Result "1-0"]
[WhiteElo "2826"]
[BlackElo "2622"]
[PlyCount "124"]
[EventDate "2001.??.??"]

1. c4 e5 2. Nc3 Nc6 3. Nf3 g6 4. e3 f5 5. d4 e4 6. Nd2 Nf6 7. d5 Ne5 8. Be2 Bg7
9. O-O O-O 10. b4 d6 11. Nb3 Ne8 12. Bb2 Qh4 13. Nd4 a5 14. a3 axb4 15. axb4
Rxa1 16. Bxa1 Rf6 17. Qa4 Bd7 18. Qa8 Rf8 19. Qxb7 f4 20. exf4 Nxc4 21. Nb3 Nb6
22. Nxe4 Bxa1 23. Rxa1 Qxf4 24. Bf3 g5 25. Re1 g4 26. Bd1 Bc8 27. Qa7 Nxd5 28.
Nbd2 Nef6 29. Bb3 Be6 30. Qd4 c6 31. b5 c5 32. Nxf6+ Rxf6 33. Qxf4 Nxf4 34. Ne4
Rf8 35. Bxe6+ Nxe6 36. Nxd6 Nc7 37. b6 Na6 38. b7 Rd8 39. Ne4 c4 40. Ra1 Nb8
41. Nf6+ Kg7 42. Nxg4 Rd2 43. f4 Rb2 44. Ne5 Rxb7 45. Nxc4 Nc6 46. Kf2 Rb4 47.
Rc1 Rb3 48. Nd2 Rb6 49. g4 h6 50. f5 Kf6 51. Rc5 Kg7 52. h4 Rb2 53. Ke3 Nb4 54.
g5 Ra2 55. Nc4 Rh2 56. f6+ Kh7 57. Rc7+ Kg6 58. Ne5+ Kf5 59. f7 Nd5+ 60. Kd4
Rd2+ 61. Nd3 Rxd3+ 62. Kxd3 Nxc7 {Hossa resigns} 1-0

[Event "ICS rated standard match"]
[Site "204.178.125.65"]
[Date "2001.07.12"]
[Round "?"]
[White "bloodaxe"]
[Black "Hossa"]
[Result "0-1"]
[WhiteElo "2000"]
[BlackElo "2336"]
[PlyCount "64"]
[EventDate "2001.??.??"]

1. d4 Nf6 2. c4 e6 3. Nc3 Bb4 4. Bg5 c5 5. d5 d6 6. e3 h6 7. Bh4 Bxc3+ 8. bxc3
e5 9. Bd3 e4 10. Bc2 Nbd7 11. f4 Nb6 12. Qe2 O-O 13. h3 Bd7 14. a4 a5 15. Bb3
Qe7 16. Qc2 g5 17. fxg5 Nh7 18. Ne2 Nxg5 19. Ng3 Nf3+ 20. gxf3 Qxh4 21. Rg1
exf3 22. O-O-O Kh8 23. Nf5 Qf6 24. e4 Rg8 25. Kb2 Rxg1 26. Rxg1 Rg8 27. Rxg8+
Kxg8 28. Ka3 Bxf5 29. exf5 Qe5 30. Qf2 Nxc4+ 31. Bxc4 Qxc3+ 32. Bb3 c4 {
bloodaxe resigns} 0-1

[Event "ICS rated blitz match"]
[Site "204.178.125.65"]
[Date "2001.07.12"]
[Round "?"]
[White "zloco"]
[Black "Hossa"]
[Result "0-1"]
[WhiteElo "2295"]
[BlackElo "2614"]
[PlyCount "76"]
[EventDate "2001.??.??"]

1. Nf3 c5 2. g3 g6 3. Bg2 Bg7 4. d4 cxd4 5. Nxd4 Nf6 6. O-O O-O 7. c4 Nc6 8.
Nc3 Re8 9. h3 d5 10. cxd5 Nxd5 11. Nxc6 bxc6 12. Na4 Qd6 13. a3 Rb8 14. Qc2 Rd8
15. e4 Nb6 16. Nc5 Bd4 17. Nb3 Ba6 18. Re1 Bd3 19. Qd1 Nc4 20. Nxd4 Qxd4 21.
Ra2 Nxb2 22. Bxb2 Rxb2 23. Rxb2 Qxb2 24. Qa4 Qc3 25. Re3 a5 26. Bf1 Qc1 27.
Rxd3 Rxd3 28. Qxa5 Rxa3 29. Qd8+ Kg7 30. Qxe7 Ra1 31. Qe5+ Kh6 32. Qf4+ Qxf4
33. gxf4 Ra4 34. f3 Kh5 35. Kf2 Kh4 36. Ke3 Kg3 37. e5 Rxf4 38. Bc4 Rxc4 {
zloco resigns} 0-1

[Event "ICS rated blitz match"]
[Site "204.178.125.65"]
[Date "2001.07.12"]
[Round "?"]
[White "zloco"]
[Black "Hossa"]
[Result "0-1"]
[WhiteElo "2287"]
[BlackElo "2622"]
[PlyCount "80"]
[EventDate "2001.??.??"]

1. Nf3 c5 2. g3 Nf6 3. Bg2 b6 4. O-O Bb7 5. c4 g6 6. Nc3 Bg7 7. d4 cxd4 8. Qxd4
Nc6 9. Qf4 Nh5 10. Qe3 Rc8 11. b3 O-O 12. Bb2 a6 13. Rfd1 Nf6 14. Qd2 Nb8 15.
Nd5 Bxd5 16. cxd5 Ne4 17. Qd3 Bxb2 18. Qxe4 Bxa1 19. Rxa1 Qc7 20. Qh4 Qc2 21.
Qh6 Qxe2 22. Re1 Qb2 23. Ng5 Qg7 24. Qxg7+ Kxg7 25. h4 e6 26. Re2 f6 27. Nh3 e5
28. Rd2 d6 29. Kh2 Nd7 30. f4 Rfe8 31. Nf2 f5 32. Nd3 Rc3 33. Nb4 exf4 34. gxf4
Nf6 35. Nxa6 Ng4+ 36. Kg1 Re1+ 37. Bf1 Rf3 38. Kg2 Rfxf1 39. Nb4 Rg1+ 40. Kf3
Re3# {zloco checkmated} 0-1